Detalles MARC
| 000 -CABECERA |
| campo de control de longitud fija |
01070nam a2200241 a 4500 |
| 001 - NÚMERO DE CONTROL |
| campo de control |
000005651 |
| 005 - FECHA Y HORA DE LA ÚLTIMA TRANSACCIÓN |
| campo de control |
20260120123447.0 |
| 008 - DATOS DE LONGITUD FIJA--INFORMACIÓN GENERAL |
| campo de control de longitud fija |
090821s1999 dr 000 0 spa d |
| 040 ## - FUENTE DE LA CATALOGACIÓN |
| Centro catalogador/agencia de origen |
DO-SdBNP |
| Lengua de catalogación |
spa |
| Centro/agencia transcriptor |
BNPHU |
| 082 ## - NÚMERO DE LA CLASIFICACIÓN DECIMAL DEWEY |
| Número de clasificación |
345.0527 |
| Número de documento/Ítem |
C965p |
| 100 1# - ENTRADA PRINCIPAL--NOMBRE DE PERSONA |
| Nombre de persona |
Cuello Pereira, Vinicio Martín |
| 9 (RLIN) |
15985 |
| 245 13 - MENCIÓN DE TÍTULO |
| Título |
La prisión preventiva y los mandamientos en la instrución preparatoria / |
| Mención de responsabilidad, etc. |
Vinicio Martin Cuello Pereira ; prólogo Aura Celeste Fernández R. ; revisión y corrección Milbert Pérez. |
| 260 ## - PUBLICACIÓN, DISTRIBUCIÓN, ETC. |
| Lugar de publicación, distribución, etc. |
Santo Domingo : |
| Nombre del editor, distribuidor, etc. |
CAMJ, |
| Fecha de publicación, distribución, etc. |
1999. |
| 300 ## - DESCRIPCIÓN FÍSICA |
| Extensión |
62 p. ; |
| Dimensiones |
22 cm. |
| 490 0# - MENCIÓN DE SERIE |
| Mención de serie |
Serie Cuadernos del Ministerio Público |
| Designación de volumen o secuencia |
4 |
| 650 #4 - PUNTO DE ACCESO ADICIONAL DE MATERIA--TÉRMINO DE MATERIA |
| Término de materia o nombre geográfico como elemento de entrada |
Encarcelamiento |
| 9 (RLIN) |
15986 |
| 650 #0 - PUNTO DE ACCESO ADICIONAL DE MATERIA--TÉRMINO DE MATERIA |
| Término de materia o nombre geográfico como elemento de entrada |
Detención preventiva |
| 9 (RLIN) |
88896 |
| 650 #4 - PUNTO DE ACCESO ADICIONAL DE MATERIA--TÉRMINO DE MATERIA |
| Término de materia o nombre geográfico como elemento de entrada |
Administración de justicia penal |
| 9 (RLIN) |
15988 |
| 700 1# - PUNTO DE ACCESO ADICIONAL--NOMBRE DE PERSONA |
| Nombre de persona |
Fernández Rodríguez, Aura Celeste, |
| Fechas asociadas al nombre |
1959- |
| Término indicativo de función/relación |
pról. |
| 9 (RLIN) |
76547 |
| 700 1# - PUNTO DE ACCESO ADICIONAL--NOMBRE DE PERSONA |
| Nombre de persona |
Pérez, Milbert, |
| Término indicativo de función/relación |
rev. y corr. |
| 9 (RLIN) |
15990 |
| 710 1# - PUNTO DE ACCESO ADICIONAL--NOMBRE DE ENTIDAD CORPORATIVA |
| Nombre de entidad corporativa o nombre de jurisdicción como elemento de entrada |
República Dominicana. |
| Unidad subordinada |
Comisionado de Apoyo a la Reforma y Modernización de la Justicia |
| 9 (RLIN) |
17179 |
| 830 #0 - PUNTO DE ACCESO ADICIONAL DE SERIE-TÍTULO UNIFORME |
| Título uniforme |
Serie Cuadernos del Ministerio Público |
| Número de parte o sección de la obra |
4 |
| 9 (RLIN) |
15991 |